Actors Sharing Names Quiz Stats

Quiz not verified by Sporcle

Challenge
Share
Tweet
Embed
Score 0/27 Timer 20:00
0 Plays Today
Movie or TV Show Descriptions Mashed Up Name % Correct
Three out of work silent film stars pursue an acting opportunity in rural Mexico only to discover the bullets and bad guys are real.Steve Martin Short
66.7%
Nothing happens to a man who created a television show about nothing.Larry David Duchovny
57.1%
The main attraction in an all-male revue befriends and mentors a new guy in the enchanting art of stripping only to be replaced by his protégé when he quits in disgust.Channing Tatum O'Neal
57.1%
The matriarch of a dysfunctional California real estate family accused of some minor treason spends her days drinking martinis and plotting ways to outwit her rival and namesake.Jessica Walter Matthau
47.6%
A rough and tumble girl torments and eventually befriends a prim and proper girl who is new to school, deals with teen pregnancy, and sings about cherishing high school.Stockard Channing Tatum
47.6%
An Egyptian queen balances her ambition for power, her desire to protect her kingdom, and her love for a Roman general.Elizabeth Taylor Lautner
47.6%
A paleontologist and paleobotanist are convinced to visit a wealthy old man’s new island theme park so they can evaluate its attractions and lots of people die.Sam Neil Patrick Harris
47.6%
The cook at a remote marine laboratory has to help fight off some genetically modified sharks.LL Cool JK Simmons
42.9%
A woman spends 12 years arguing with a man about whether or not men and women can be platonic friends, makes a scene in a diner, and discovers that they cannot just be friends.Meg Ryan O'Neal
42.9%
A NYC writer and her three friends spend their days discussing the complex issues women face in society and sex.Sarah Jessica Parker Posey
42.9%
The world’s most dangerous and drunken secret agent (who may or may not also be the owner of a burger joint) spends a year trying to figure out how to sell cocaine for the CIA.H. Jon Benjamin Bratt
38.1%
The debonair and ghoulish patriarch of a museum dwelling clan welcomes an imposter posing as his long lost brother, only to discover that the imposter really is his brother.Raul Julia Louis-Dreyfus
38.1%
A prim and proper girl starts a new high school and sings about her summer romance who just happens to go to the same school.Olivia Newton John Candy
38.1%
A group of four high school seniors make a vow to lose their virginity before they graduate, and one of them succeeds with the school jock’s mother.Seann William Scott Baio
38.1%
Movie or TV Show Descriptions Mashed Up Name % Correct
An assistant personnel director for a Cleveland department store pals around with his three friends and endures the machinations of his arch-rival, a clownish co-worker.Drew Carey Mulligan
38.1%
A self-obsessed B-list comedy actor revitalizes his struggling career by starring in a sketch comedy show and making life difficult on his new boss with his hilarious antics.Tracy Morgan Freeman
38.1%
A high-school slacker hangs out in his parents’ basement with his stoner friends, and endures his curmudgeonly father’s grating opinion of the intelligence of his posterior.Topher Grace Kelly
33.3%
A married British woman falls in love with a cartographer in the desert at the end of World War II, and their romance eventually leads to her death and his disfigurement.Kristin Scott Thomas Haden Church
33.3%
A prospector finds oil and proves to be inscrutable, paranoid, and ruthless in building his empire, even losing respect for property rights regarding chilled dairy beverages.Daniel Day-Lewis Black
33.3%
An adult film star with an affinity for roller skates helps mentor a huge new star, and is trapped in the business as the evolving use of video cheapens her already cheap world.Heather Graham Chapman
33.3%
An ancient wizard turns his back on his order to help the most evil being in existence build an army, attempt to conquer the world, and get its ring back.Christopher Lee Majors
33.3%
A quiet and formerly uptight girl finds confidence, friendship, and an inappropriately named monkey when she joins an eclectic study group at community college.Alison Brie Larson
28.6%
A young woman takes her sister’s place and enters a brutal yearly fight to the death with other adolescents.Jennifer Lawrence Tierney
23.8%
A group of detectives in NYC handle the city’s most sensitive and heinous crimes and work with the district attorney’s office to secure convictions.Ice TJ Miller
19%
A silent film actor and his comedic friend help an actress start her career after she fills in as the voice of his former co-star, whose voice is ill suited to talkies.Gene Kelly LeBrock
19%
The quintessential high school loner struggles to find friends, gets involved in a deadly and eerily prophetic car race, and sees one of his two friends gunned down by police.James Dean Cain
14.3%
A man narrates a story about a cursed boy and a girl who was raised by wolves working together to combat deforestation and industrialization in feudal Japan.Keith David Keith
4.8%

You're not logged in!

Compare scores with friends on all Sporcle quizzes.
Join for Free
OR
Log In

You Might Also Like...

Show Comments

Extras

Top Quizzes Today


Score Distribution

Your Account Isn't Verified!

In order to create a playlist on Sporcle, you need to verify the email address you used during registration. Go to your Sporcle Settings to finish the process.

Report this User

Report this user for behavior that violates our Community Guidelines.

Details: